000 00677nam a2200229Ia 4500
003 OSt
005 20221007070729.0
006 a|||||r|||| 00| 0
007 ta
008 221006b |||||||| |||| 00| 0 eng d
024 _a11,541
037 _cTextual
040 _aFLL
_cFLL
_beng
041 _2eng
_aeng
082 _aVIN(MY284):1:N5, K2
100 _aWassenbergh H.A. Au.
_9687609
245 0 _aPost-war international civil aviator policy and the law of the air
260 _aHague
_bMartinus nijhoff Netherland
_c1962
300 _a197p
_ccm.
942 _hVIN(MY284):1:N5, K2
_cTEXL
_2CC
999 _c1141382
_d1141382